[Event "14. Lichtenberger Sommer"]
[Site "14. Lichtenberger Sommer"]
[Date "2015.08.20"]
[Round "6.66"]
[White "Wallmann, Bodo"]
[Black "Heldt, Ronny"]
[Result "0-1"]
[WhiteElo "1834"]
[BlackElo "1922"]
[PlyCount "80"]
[EventDate "2015.??.??"]
[WhiteTeam "SC Kreuzberg"]
[BlackTeam "SC Kreuzberg"]

1. d4 e6 2. Nf3 f5 3. c4 Bb4+ 4. Nc3 Nf6 5. Qc2 b6 6. a3 Bxc3+ 7. Qxc3 Ne4 8.
Qc2 a5 9. e3 O-O 10. Bd3 Bb7 11. O-O a4 12. Nd2 Nxd2 13. Bxd2 d6 14. b3 axb3
15. Qxb3 Nd7 16. c5 Bd5 17. Bc4 Bxc4 18. Qxc4 d5 19. Qc2 bxc5 20. dxc5 c6 21.
Rfb1 Qc7 22. Rb3 Rab8 23. Rab1 Rxb3 24. Rxb3 Ne5 25. Qb1 Nc4 26. Bc3 e5 27. Bb4
Qe7 28. Qe1 Qg5 29. Rd3 Rf6 30. f3 Rg6 31. Qf2 e4 32. f4 Qg4 33. Rd4 Nxe3 34.
g3 Nc4 35. a4 e3 36. Qe1 h5 37. Kg2 h4 38. a5 h3+ 39. Kg1 Qf3 40. Qf1 Rxg3+ 0-1

[Event "14. Lichtenberger Sommer"]
[Site "14. Lichtenberger Sommer"]
[Date "2015.08.20"]
[Round "6.67"]
[White "Kling, Maximilian"]
[Black "Genot, Frank"]
[Result "1/2-1/2"]
[WhiteElo "1759"]
[BlackElo "1822"]
[PlyCount "52"]
[EventDate "2015.??.??"]
[WhiteTeam "SK Kriegshaber"]
[BlackTeam "Club du Canal St-Martin Paris"]

1. e4 c5 2. Nf3 Nc6 3. Bb5 e6 4. Bxc6 bxc6 5. e5 Ne7 6. O-O Ng6 7. Re1 Be7 8.
d3 f6 9. exf6 Bxf6 10. Nbd2 O-O 11. Ne4 Be7 12. Bg5 d6 13. Bxe7 Qxe7 14. Rb1 e5
15. c3 Bg4 16. Qb3+ Kh8 17. Nfd2 d5 18. Ng3 Qg5 19. Qc2 Nh4 20. Nb3 Qe7 21. Re3
Nf5 22. Nxf5 Bxf5 23. Rbe1 c4 24. Nc1 cxd3 25. Nxd3 Qf7 26. Qd2 Bxd3 1/2-1/2

[Event "14. Lichtenberger Sommer"]
[Site "14. Lichtenberger Sommer"]
[Date "2015.08.20"]
[Round "6.68"]
[White "Janse, Sebastaan"]
[Black "Jacob, Karl"]
[Result "1-0"]
[WhiteElo "1725"]
[BlackElo "1784"]
[PlyCount "43"]
[EventDate "2015.??.??"]
[WhiteTeam "SSV Klim-Op"]
[BlackTeam "SF Hettstedt"]

1. e4 Nf6 2. e5 Nd5 3. d4 d6 4. Nf3 Bg4 5. Be2 Nc6 6. O-O e6 7. exd6 Bxd6 8. c4
Nf6 9. Nc3 a6 10. Be3 O-O 11. Qc2 Ne7 12. c5 Ned5 13. cxd6 Qxd6 14. Nxd5 Nxd5
15. h3 Bf5 16. Qd2 Rfd8 17. a3 Rd7 18. Bd3 Ne7 19. Rac1 Rad8 20. Ne5 Bxd3 21.
Nxd3 Nf5 22. Nc5 1-0

[Event "14. Lichtenberger Sommer"]
[Site "14. Lichtenberger Sommer"]
[Date "2015.08.20"]
[Round "6.69"]
[White "Radjenovic, Branko"]
[Black "Baranowsky, Peter"]
[Result "0-1"]
[WhiteElo "1813"]
[BlackElo "1972"]
[PlyCount "48"]
[EventDate "2015.??.??"]
[WhiteTeam "SK Dragojle Babic (Berlin)"]
[BlackTeam "SF 1903 Berlin"]

1. Nf3 Nf6 2. d4 d5 3. c4 c6 4. e3 e6 5. Nc3 Nbd7 6. a3 dxc4 7. Bxc4 Bd6 8. Qe2
O-O 9. O-O b5 10. Bd3 a6 11. e4 e5 12. Rd1 Qc7 13. d5 Bb7 14. Bc2 Rfe8 15. Bg5
Rac8 16. Rd2 h6 17. Bh4 cxd5 18. exd5 e4 19. Bxf6 Nxf6 20. Nd4 Bxh2+ 21. Kf1
Bf4 22. Rdd1 Nxd5 23. Nxd5 Bxd5 24. g3 Bc4 0-1

[Event "14. Lichtenberger Sommer"]
[Site "14. Lichtenberger Sommer"]
[Date "2015.08.20"]
[Round "6.70"]
[White "Zenkner, Christian"]
[Black "Dittrich, Hans-Georg"]
[Result "0-1"]
[WhiteElo "1919"]
[BlackElo "1722"]
[PlyCount "138"]
[EventDate "2015.??.??"]
[WhiteTeam "SC Zugzwang 95 (Berlin)"]
[BlackTeam "SG Stadtilm"]

1. e4 c5 2. Nf3 d6 3. c3 Nf6 4. Be2 Nc6 5. d3 g6 6. O-O Bg7 7. Bg5 O-O 8. Qd2
Qc7 9. Bh6 b5 10. Qf4 Nh5 11. Qe3 Nf6 12. Bxg7 Kxg7 13. Qf4 e5 14. Qh4 a5 15.
Nfd2 Qe7 16. Qg3 Bd7 17. Na3 Rab8 18. Nc2 a4 19. Ne3 a3 20. f4 b4 21. c4 Nd4
22. Bd1 axb2 23. Rb1 Ra8 24. Rxb2 Ba4 25. Nb3 Bxb3 26. Bxb3 Nh5 27. Qg5 Qxg5
28. fxg5 Nf4 29. Rd1 f6 30. gxf6+ Rxf6 31. Nd5 Nxd5 32. exd5 Raf8 33. Ba4 g5
34. Bd7 h5 35. h3 Rf4 36. Rbb1 Ne2+ 37. Kh2 Nc3 38. Rf1 Nxb1 39. Rxb1 Ra8 40.
Rb2 Ra3 41. Rd2 Kf6 42. Be8 h4 43. Bh5 Rc3 44. Bf3 Ke7 45. Bh5 Rf8 46. Bg6 Ra3
47. Kg1 Rfa8 48. Rf2 Rxa2 49. Rf7+ Kd8 50. Rf8+ Kc7 51. Rf7+ Kb6 52. Rd7 Ra1+
53. Kh2 b3 54. Rxd6+ Kb7 55. d4 exd4 56. Rd7+ Kb6 57. Rd6+ Ka5 58. Rc6 Kb4 59.
d6 Rd8 60. Rb6+ Kxc4 61. Bf7+ Kc3 62. Rxb3+ Kc2 63. Rb5 Rxd6 64. Rxc5+ Kd2 65.
Rxg5 Rf6 66. Bc4 d3 67. Rd5 Rff1 68. Rxd3+ Kc2 69. g4 Rf2# 0-1

[Event "14. Lichtenberger Sommer"]
[Site "14. Lichtenberger Sommer"]
[Date "2015.08.20"]
[Round "6.71"]
[White "Matitschka, Johannes"]
[Black "Rudolph, Stephanie"]
[Result "1-0"]
[WhiteElo "1542"]
[BlackElo "1910"]
[PlyCount "81"]
[EventDate "2015.??.??"]
[WhiteTeam "TSG Oberschöneweide"]
[BlackTeam "SF Friedrichshagen"]

1. e4 c5 2. Nf3 d6 3. g3 b6 4. Bg2 Bb7 5. d3 g6 6. O-O Bg7 7. Nc3 Nf6 8. Bg5 h6
9. Bf4 e5 10. Bd2 Qd7 11. Nh4 Nc6 12. f4 exf4 13. Bxf4 O-O 14. Bxh6 Bxh6 15.
Rxf6 Bg5 16. Rf1 Bxh4 17. gxh4 Ne5 18. Rf4 Kg7 19. h5 g5 20. Rf5 f6 21. h4 g4
22. Qf1 Qd8 23. h6+ Kxh6 24. Qf4+ Kg6 25. h5+ Kg7 26. h6+ Kg6 27. h7 Bc8 28.
Kf2 Bxf5 29. Qxf5+ Kg7 30. Rh1 Qe8 31. Nd5 Qg6 32. Qe6 f5 33. Qe7+ Rf7 34. Qh4
fxe4+ 35. Kg3 Rh8 36. Bxe4 Qf6 37. Nxf6 Rxf6 38. Qg5+ Kf7 39. Bd5+ Ke7 40. Qg7+
Nf7 41. Bxf7 1-0

[Event "14. Lichtenberger Sommer"]
[Site "14. Lichtenberger Sommer"]
[Date "2015.08.20"]
[Round "6.72"]
[White "Nam, Seung-Zin"]
[Black "Große-Honebrink, Brigitte"]
[Result "1/2-1/2"]
[WhiteElo "1608"]
[BlackElo "1887"]
[PlyCount "138"]
[EventDate "2015.??.??"]
[WhiteTeam "SK Bebenhausen"]
[BlackTeam "SC Kreuzberg"]

1. f4 Nf6 2. Nf3 e6 3. e3 d5 4. c3 Bd6 5. d4 Nbd7 6. Bd3 c5 7. Ne5 c4 8. Bc2 b5
9. Nd2 Bb7 10. O-O O-O 11. Rf3 Ne4 12. Rh3 Bxe5 13. Qh5 Ndf6 14. Qxe5 Qd6 15.
Qxd6 Nxd6 16. a4 a6 17. b3 Rfc8 18. Ba3 Nde4 19. Nxe4 Nxe4 20. Bxe4 dxe4 21. a5
cxb3 22. Bb4 Bd5 23. g4 Bc4 24. Rb1 Rc6 25. Kf2 Rac8 26. Ke1 f6 27. Rh5 Bd5 28.
Kd2 g6 29. Rh3 Kg7 30. Rg3 Rh8 31. Kc1 Kf7 32. Kb2 Re8 33. Rh3 Kg7 34. Rf1 Rcc8
35. Bd6 Rc4 36. Bb4 Rc6 37. Rg3 Rh8 38. h4 h6 39. Rf2 Rc7 40. g5 hxg5 41. fxg5
Rf7 42. Bd6 Rxh4 43. gxf6+ Kh7 44. Be7 Rh5 45. Rfg2 Rh6 46. Rf2 Kg8 47. Rgg2
Rfh7 48. Bd6 Kf7 49. Rg3 Rh2 50. Rfg2 Rxg2+ 51. Rxg2 Kxf6 52. Rf2+ Kg7 53. Be5+
Kg8 54. Rf6 Rg7 55. Bd6 g5 56. Rf8+ Kh7 57. Be5 Rb7 58. Rh8+ Kg6 59. Rg8+ Kf5
60. Rf8+ Kg4 61. Rg8 b4 62. cxb4 Rxb4 63. Bf4 Kf3 64. Rxg5 Ra4 65. Rg3+ Ke2 66.
Rh3 Ra2+ 67. Kb1 Kd2 68. Rh2+ Kd3 69. Rxa2 bxa2+ 1/2-1/2

[Event "14. Lichtenberger Sommer"]
[Site "14. Lichtenberger Sommer"]
[Date "2015.08.20"]
[Round "6.73"]
[White "Bezy, Cedric"]
[Black "Kostanyan, Hakob"]
[Result "1/2-1/2"]
[WhiteElo "1780"]
[BlackElo "1583"]
[PlyCount "85"]
[EventDate "2015.??.??"]
[WhiteTeam "La Diagonale - Eybens"]
[BlackTeam "SC Weisse Dame (Berlin)"]

1. e4 c5 2. b3 Nf6 3. Nc3 Nc6 4. g3 e6 5. f4 d5 6. e5 Nd7 7. Nf3 b6 8. Bh3 d4
9. Ne4 Bb7 10. d3 Be7 11. O-O O-O 12. Nfg5 Bxg5 13. Nxg5 Qe7 14. Qh5 h6 15. Ne4
Nb4 16. Rf2 Bxe4 17. dxe4 d3 18. c4 a5 19. Bb2 a4 20. Qd1 Nc2 21. Rb1 axb3 22.
axb3 Nb4 23. Bc3 Rad8 24. Bxb4 cxb4 25. Qxd3 Nxe5 26. Qe3 Nd3 27. Ra2 Nc5 28.
Bf1 Rd7 29. Qe1 Qd6 30. e5 Qd4+ 31. Qf2 Qxf2+ 32. Rxf2 Ra8 33. Rbb2 Ra3 34. Rf3
Ne4 35. Rd3 Rxd3 36. Bxd3 Nc5 37. Bc2 Kf8 38. Kf2 Ke7 39. Ke3 Kd7 40. g4 Ra1
41. Bb1 Ra3 42. Bc2 Ra1 43. Bb1 1/2-1/2

[Event "14. Lichtenberger Sommer"]
[Site "14. Lichtenberger Sommer"]
[Date "2015.08.20"]
[Round "6.74"]
[White "Steinert, Christian"]
[Black "Engelhardt, Erhard"]
[Result "1-0"]
[WhiteElo "1971"]
[BlackElo "1805"]
[PlyCount "61"]
[EventDate "2015.??.??"]
[WhiteTeam "SV Empor Berlin"]
[BlackTeam "SSV Rotation Berlin"]

1. e4 d5 2. exd5 Qxd5 3. Nc3 Qd6 4. d4 Nf6 5. Nf3 c6 6. Bd3 Bg4 7. h3 Bxf3 8.
Qxf3 e6 9. O-O Qc7 10. Re1 Be7 11. Bf4 Bd6 12. Bh6 Bf8 13. Bd2 Be7 14. Ne4 Nxe4
15. Qxe4 Nd7 16. c3 Nf6 17. Qe2 O-O 18. g4 g6 19. h4 Kh8 20. Qf3 Ne8 21. Kg2
Bf6 22. Bf4 Qd7 23. Rad1 Bg7 24. Bc2 Nc7 25. h5 gxh5 26. g5 f5 27. Qxh5 Rg8 28.
Rh1 Bf6 29. Kf1 Bxg5 30. Be5+ Rg7 31. Qxg5 1-0

[Event "14. Lichtenberger Sommer"]
[Site "14. Lichtenberger Sommer"]
[Date "2015.08.20"]
[Round "6.75"]
[White "Strowig, Justin"]
[Black "Brasoy, Aksel"]
[Result "0-1"]
[WhiteElo "1835"]
[BlackElo "1959"]
[PlyCount "56"]
[EventDate "2015.??.??"]
[WhiteTeam "SV Mattnetz Berlin"]
[BlackTeam "Alta sjakklubb"]

1. e4 c5 2. d4 cxd4 3. c3 dxc3 4. Nxc3 Nc6 5. Bc4 e6 6. Nf3 d6 7. O-O a6 8. Be3
Nf6 9. a4 Be7 10. Qe2 O-O 11. Rfd1 Bd7 12. Rab1 Qc7 13. Rbc1 Rfe8 14. Ba2 Qa5
15. Bf4 Ne5 16. Nxe5 dxe5 17. Bd2 Bb4 18. f4 Rad8 19. Bb3 Bc6 20. g4 Bxc3 21.
Rxc3 Nxe4 22. Rd3 Nxd2 23. Qxd2 Qxd2 24. R1xd2 Rxd3 25. Rxd3 exf4 26. a5 Kf8
27. g5 Ke7 28. Rd4 e5 0-1

[Event "14. Lichtenberger Sommer"]
[Site "14. Lichtenberger Sommer"]
[Date "2015.08.20"]
[Round "6.76"]
[White "Dreke, Frank"]
[Black "Günther, Boris"]
[Result "1-0"]
[WhiteElo "2003"]
[BlackElo "1626"]
[PlyCount "69"]
[EventDate "2015.??.??"]
[WhiteTeam "SV Mattnetz Berlin"]
[BlackTeam "SF Friedrichshagen"]

1. e4 e5 2. Nf3 Nc6 3. d4 exd4 4. Bc4 Nf6 5. O-O Nxe4 6. Re1 d5 7. Bxd5 Qxd5 8.
Nc3 Qh5 9. Nxe4 Be6 10. Bg5 h6 11. Bf6 Be7 12. Bxe7 Kxe7 13. Nxd4 Qxd1 14.
Nxc6+ bxc6 15. Raxd1 Rhd8 16. f3 Rxd1 17. Rxd1 Rb8 18. b3 Rb5 19. c4 Ra5 20.
Rd2 Bf5 21. Nc3 Ke6 22. h4 h5 23. Kf2 Ke5 24. Ke3 f6 25. Rd8 Be6 26. Ne2 Kf5
27. Nc3 Re5+ 28. Kf2 Ra5 29. Re8 Bd7 30. Re7 Be6 31. Rxg7 Ke5 32. Ke3 Kd6 33.
Ne4+ Ke5 34. f4+ Kf5 35. Ng3# 1-0

[Event "14. Lichtenberger Sommer"]
[Site "14. Lichtenberger Sommer"]
[Date "2015.08.20"]
[Round "6.77"]
[White "Janse, Alexander"]
[Black "Schröder, Ralf"]
[Result "1-0"]
[WhiteElo "1881"]
[BlackElo "1672"]
[PlyCount "72"]
[EventDate "2015.??.??"]
[WhiteTeam "SSV Klim-Op"]
[BlackTeam "Potsdamer SV Mitte e.V."]

1. Nf3 Nf6 2. g3 c6 3. Bg2 d5 4. O-O Nbd7 5. d3 e5 6. Nbd2 Bd6 7. e4 O-O 8. Qe1
Re8 9. Nh4 Qc7 10. Nf5 Bc5 11. Nb3 Bb6 12. a4 a5 13. Ne3 dxe4 14. dxe4 Nc5 15.
Nxc5 Bxc5 16. Bd2 b6 17. Qc1 Ba6 18. Re1 Rad8 19. h3 Qd7 20. Bc3 Bd4 21. Bxd4
exd4 22. Nf5 Re6 23. Qg5 Ne8 24. h4 h6 25. Qf4 c5 26. Bh3 Qb7 27. e5 d3 28. Nd6
Rexd6 29. exd6 Nxd6 30. cxd3 Bxd3 31. Bg2 Qc8 32. Re7 Qf5 33. Qxf5 Bxf5 34.
Rae1 Be6 35. Rc7 Rd7 36. Rxd7 Bxd7 1-0

[Event "14. Lichtenberger Sommer"]
[Site "14. Lichtenberger Sommer"]
[Date "2015.08.20"]
[Round "6.78"]
[White "Woinowski, Michael"]
[Black "Oginski, Ulrich"]
[Result "1-0"]
[WhiteElo "1748"]
[BlackElo "1885"]
[PlyCount "81"]
[EventDate "2015.??.??"]
[WhiteTeam "SC Kreuzberg"]
[BlackTeam "SC Weisse Dame (Berlin)"]

1. e4 c5 2. Nc3 Nc6 3. f4 g6 4. Nf3 Bg7 5. Bb5 e6 6. Bxc6 bxc6 7. e5 Ne7 8. Ne4
O-O 9. O-O Qb6 10. Kh1 Ba6 11. d3 c4 12. dxc4 Bxc4 13. Re1 Nf5 14. b3 Bd5 15.
g4 Bxe4 16. Rxe4 d5 17. Re2 Ne7 18. Be3 c5 19. c3 a5 20. Qg1 Rac8 21. Qf2 Kh8
22. Qh4 Ng8 23. f5 exf5 24. gxf5 gxf5 25. Ng5 h6 26. Rg1 f6 27. Nf3 fxe5 28.
Reg2 Rc7 29. Rg6 Qb7 30. Bxc5 Rf6 31. Nxe5 Rxg6 32. Nxg6+ Kh7 33. Bd4 Bxd4 34.
Qxd4 Rg7 35. Nf8+ Kh8 36. Ne6 Nf6 37. Rxg7 Qa6 38. Rg6 Qf1+ 39. Rg1 Qf3+ 40.
Rg2 Kh7 41. Nf8+ 1-0

[Event "14. Lichtenberger Sommer"]
[Site "14. Lichtenberger Sommer"]
[Date "2015.08.20"]
[Round "6.79"]
[White "Kievelitz, Bernd"]
[Black "Schmidt, Fabian"]
[Result "0-1"]
[WhiteElo "1922"]
[BlackElo "1766"]
[PlyCount "74"]
[EventDate "2015.??.??"]
[WhiteTeam "SC Zitadelle Spandau"]
[BlackTeam "Königsjäger Süd-West"]

1. Nf3 Nf6 2. c4 g6 3. b4 Bg7 4. Bb2 O-O 5. e3 c6 6. Be2 d5 7. O-O e6 8. Qb3
Nbd7 9. Nc3 b6 10. cxd5 cxd5 11. d4 Ne4 12. Rfc1 Bb7 13. a4 Nd6 14. b5 Rc8 15.
Ba3 Nf6 16. Na2 Nfe4 17. Nb4 Qe8 18. Rxc8 Qxc8 19. Nc6 Bxc6 20. bxc6 Qxc6 21.
Rc1 Qb7 22. a5 b5 23. Ne5 Rd8 24. Qb2 f6 25. Bxd6 Nxd6 26. Nd3 Nc4 27. Nc5 Qc6
28. Bxc4 dxc4 29. Nd3 Bf8 30. Nb4 Qd6 31. Na2 a6 32. g3 Rc8 33. e4 b4 34. e5
fxe5 35. dxe5 Qc5 36. Qe2 b3 37. Nc3 Qxa5 0-1

[Event "14. Lichtenberger Sommer"]
[Site "14. Lichtenberger Sommer"]
[Date "2015.08.20"]
[Round "6.80"]
[White "Ollek, Karl-Heinz"]
[Black "Matitschka, Heinz"]
[Result "0-1"]
[WhiteElo "1726"]
[BlackElo "1910"]
[PlyCount "72"]
[EventDate "2015.??.??"]
[WhiteTeam "SC Friesen Lichtenberg"]
[BlackTeam "TSG Oberschöneweide"]

1. Nf3 Nf6 2. c4 e6 3. Nc3 b6 4. g3 Bb7 5. Bg2 Be7 6. O-O O-O 7. d4 d6 8. Re1
Ne4 9. d5 Nxc3 10. bxc3 e5 11. e4 Nd7 12. Be3 a5 13. h4 Nf6 14. Bg5 Bc8 15. Qd2
Nh5 16. Bxe7 Qxe7 17. Qg5 Qxg5 18. hxg5 f5 19. Nh4 g6 20. a3 f4 21. Ra2 fxg3
22. fxg3 Nxg3 23. Rf2 Rxf2 24. Kxf2 Nh5 25. Ke3 Nf4 26. Bf1 Ba6 27. Rb1 Rf8 28.
a4 Bc8 29. Rb2 Bd7 30. Ra2 Nxd5+ 31. cxd5 Rxf1 32. c4 Rc1 33. Kd3 Rh1 34. Nf3
Rh3 35. Ke3 Bg4 36. Rf2 Rg3 0-1

[Event "14. Lichtenberger Sommer"]
[Site "14. Lichtenberger Sommer"]
[Date "2015.08.20"]
[Round "6.81"]
[White "Hesselbarth, Karlheinz"]
[Black "Bergmann, Jens"]
[Result "0-1"]
[WhiteElo "1732"]
[BlackElo "1907"]
[PlyCount "50"]
[EventDate "2015.??.??"]
[WhiteTeam "SC Zugzwang 95 (Berlin)"]
[BlackTeam "SK Tempelhof 1931"]

1. d4 Nf6 2. c4 e5 3. d5 Bc5 4. Nc3 Ng4 5. e3 f5 6. Be2 h5 7. Nf3 d6 8. b4 Bxb4
9. Qa4+ Nc6 10. Bd2 Bxc3 11. Bxc3 Bd7 12. dxc6 Bxc6 13. Qc2 O-O 14. O-O Rf6 15.
Rad1 Qe7 16. Rd2 Raf8 17. Qb3 Rg6 18. c5+ Kh8 19. cxd6 cxd6 20. Rfd1 f4 21. Bb4
fxe3 22. fxe3 Bxf3 23. Bxf3 Rxf3 24. Rxd6 Rxd6 25. gxf3 Qh4 0-1

[Event "14. Lichtenberger Sommer"]
[Site "14. Lichtenberger Sommer"]
[Date "2015.08.20"]
[Round "6.82"]
[White "Prix, Siegfried"]
[Black "Seefeld, Marc"]
[Result "1/2-1/2"]
[WhiteElo "1715"]
[BlackElo "1894"]
[PlyCount "76"]
[EventDate "2015.??.??"]
[WhiteTeam "SF 1903 Berlin"]
[BlackTeam "Läufer Reinickendorf"]

1. e4 c6 2. d4 d5 3. exd5 cxd5 4. Bd3 Nc6 5. c3 Nf6 6. h3 e6 7. Nf3 Qc7 8. O-O
Be7 9. Re1 O-O 10. Bg5 h6 11. Bh4 Bd7 12. Nbd2 Ne8 13. Bxe7 Nxe7 14. Ne5 Nc6
15. Ndf3 Nxe5 16. Nxe5 Nd6 17. Qh5 Be8 18. Qg4 f5 19. Qh4 Qd8 20. Qxd8 Rxd8 21.
f3 Rf6 22. Re2 Nf7 23. Rae1 g5 24. g4 fxg4 25. fxg4 Nxe5 26. Rxe5 Bf7 27. Kg2
Kg7 28. Kg3 Rf8 29. Rf1 Bg6 30. Rxf6 Rxf6 31. Bxg6 Kxg6 32. Re2 h5 33. gxh5+
Kxh5 34. Re5 Kg6 35. Kg4 Rf4+ 36. Kg3 Rf6 37. Kg4 Rf4+ 38. Kg3 Rf6 1/2-1/2

[Event "14. Lichtenberger Sommer"]
[Site "14. Lichtenberger Sommer"]
[Date "2015.08.20"]
[Round "6.83"]
[White "Kapp, Frank"]
[Black "Fischer, Maxi"]
[Result "1-0"]
[WhiteElo "1908"]
[BlackElo "1665"]
[PlyCount "37"]
[EventDate "2015.??.??"]
[WhiteTeam "TSV IFA Chemnitz"]
[BlackTeam "SV Empor Berlin e.V."]

1. d4 d5 2. c4 e6 3. Nc3 c6 4. cxd5 cxd5 5. Bf4 Nf6 6. e3 Nbd7 7. h3 Bb4 8. Bd3
O-O 9. Qc2 a6 10. Nf3 b5 11. O-O Bb7 12. Rfc1 Rc8 13. Qb3 Bxc3 14. Rxc3 Nb6 15.
a4 bxa4 16. Rxc8 Bxc8 17. Qb4 Nfd7 18. Rc1 Qf6 19. Bg5 1-0

[Event "14. Lichtenberger Sommer"]
[Site "14. Lichtenberger Sommer"]
[Date "2015.08.20"]
[Round "6.84"]
[White "Baumgaertner, Andre"]
[Black "Rollwitz, Jürgen"]
[Result "0-1"]
[WhiteElo "1783"]
[BlackElo "1950"]
[PlyCount "194"]
[EventDate "2015.??.??"]
[WhiteTeam "SC Friesen Lichtenberg"]
[BlackTeam "SC Rochade (Berlin)"]

1. d4 d6 2. Nf3 Nd7 3. e4 e5 4. dxe5 Nxe5 5. Nxe5 dxe5 6. Qxd8+ Kxd8 7. Bc4 Be6
8. Bxe6 fxe6 9. O-O Nf6 10. Rd1+ Bd6 11. Nc3 Ke7 12. a3 c6 13. h3 h6 14. Be3 b6
15. b4 Rad8 16. f3 Bb8 17. Na4 Rxd1+ 18. Rxd1 Rd8 19. Rxd8 Kxd8 20. c4 Nd7 21.
c5 Bc7 22. g4 Ke7 23. Kg2 Kf6 24. Kg3 g5 25. h4 gxh4+ 26. Kxh4 Kg6 27. Kg3 b5
28. Nb2 Nf6 29. Nd3 h5 30. g5 Nd7 31. Kh4 Bd8 32. f4 Bc7 33. Bc1 a6 34. Kg3
exf4+ 35. Bxf4 Bd8 36. Kh4 e5 37. Bd2 Bc7 38. Ne1 Nf8 39. Nf3 Nd7 40. Kg3 Nf8
41. Nh4+ Kf7 42. Nf5 Ng6 43. Nh6+ Kf8 44. Nf5 Kf7 45. Bc3 Bd8 46. Bd2 Be7 47.
Kh2 Bf8 48. Ng3 Bg7 49. Nxh5 Bh8 50. Kg3 Ke6 51. Bc3 Kf7 52. Kh3 Ke6 53. Kg4
Kf7 54. Ng3 Nf4 55. Kf5 Ng6 56. Nh5 Nh4+ 57. Kg4 Ng6 58. Be1 Ne7 59. Nf6 Ng6
60. Kf5 Bxf6 61. gxf6 Nf4 62. Bc3 Nd3 63. Bxe5 Ne1 64. Bc3 Ng2 65. Bb2 Ne3+ 66.
Kf4 Nc4 67. Bc1 Kxf6 68. e5+ Ke6 69. Ke4 Nxe5 70. Kd4 Kf5 71. Kc3 Ke4 72. Bh6
Nc4 73. Bc1 Kd5 74. Kd3 a5 75. Kc3 a4 76. Kd3 Ne5+ 77. Kc3 Ke4 78. Bh6 Nf3 79.
Bc1 Nd4 80. Bh6 Kd5 81. Bg7 Nf5 82. Bh8 Ke4 83. Bf6 Ne3 84. Bh8 Nc4 85. Kc2
Nxa3+ 86. Kb2 Nc4+ 87. Ka2 Kd3 88. Bg7 Kc2 89. Bh8 Ne3 90. Bg7 Kd3 91. Kb2 Nc4+
92. Ka2 Ne3 93. Kb2 Nc2 94. Bc3 a3+ 95. Kb3 a2 96. Bb2 a1=Q 97. Bxa1 Nxa1+ 0-1

[Event "14. Lichtenberger Sommer"]
[Site "14. Lichtenberger Sommer"]
[Date "2015.08.20"]
[Round "6.85"]
[White "Bauer, Stefan"]
[Black "Silies, Martin"]
[Result "1/2-1/2"]
[WhiteElo "1633"]
[BlackElo "1880"]
[PlyCount "96"]
[EventDate "2015.??.??"]
[WhiteTeam "SC Kreuzberg"]
[BlackTeam "SF St.Johannes Spelle"]

1. Nf3 d5 2. d4 Nf6 3. Nbd2 e6 4. e3 c5 5. c3 Nc6 6. Bb5 Bd7 7. O-O Rc8 8. Bd3
Bd6 9. dxc5 Bxc5 10. b4 Bd6 11. Bb2 Bb8 12. a4 Qc7 13. g3 h5 14. h4 Ng4 15. Qe1
f5 16. b5 Nce5 17. Nxe5 Nxe5 18. Be2 Ng6 19. f4 Qc5 20. Qf2 Qe7 21. Nf3 Bd6 22.
Rfe1 e5 23. Bf1 e4 24. Ng5 Be6 25. Rad1 Bg8 26. Bh3 Qd7 27. Bf1 Qe7 28. Bh3 Qd7
29. Qd2 Rc4 30. Ra1 Be7 31. Bf1 Rc8 32. a5 Bxg5 33. fxg5 Ne5 34. Be2 Nc4 35.
Bxc4 Rxc4 36. b6 a6 37. Ba3 Be6 38. Bb4 Kf7 39. Qf2 Qc6 40. Rac1 g6 41. Qf4 Re8
42. Red1 Bd7 43. Qd6 Qxd6 44. Bxd6 Ke6 45. Bc7 Bc6 46. Rd4 Rxd4 47. cxd4 Kd7
48. Kf2 Re6 1/2-1/2

[Event "14. Lichtenberger Sommer"]
[Site "14. Lichtenberger Sommer"]
[Date "2015.08.20"]
[Round "6.86"]
[White "Zesewitz, Martin"]
[Black "Sia, Davin"]
[Result "1-0"]
[WhiteElo "1873"]
[BlackElo "1511"]
[PlyCount "61"]
[EventDate "2015.??.??"]
[WhiteTeam "SF Friedrichshagen"]
[BlackTeam "Lasker Steglitz-Wilmersdorf"]

1. f4 d5 2. Nf3 Nf6 3. e3 Bg4 4. h3 Bxf3 5. Qxf3 c6 6. b3 Nbd7 7. Bb2 Qc7 8. c4
dxc4 9. Bxc4 e5 10. fxe5 Nxe5 11. Bxe5 Qxe5 12. d4 Bb4+ 13. Ke2 Qe7 14. a3 Bd6
15. Rf1 O-O 16. Nd2 Bxa3 17. g4 b5 18. g5 Nd7 19. Bxf7+ Kh8 20. Qh5 Qd6 21. Ne4
Qh2+ 22. Rf2 g6 23. Qh4 Qc7 24. Rxa3 Nb6 25. Bxg6 Rg8 26. Rf7 Qh2+ 27. Nf2
Qxf2+ 28. Rxf2 Rxg6 29. Rf7 Rg7 30. Rxg7 Kxg7 31. Qh6+ 1-0

[Event "14. Lichtenberger Sommer"]
[Site "14. Lichtenberger Sommer"]
[Date "2015.08.20"]
[Round "6.87"]
[White "Hüls, Maximilian"]
[Black "Scholta, Danilo"]
[Result "0-1"]
[WhiteElo "1552"]
[BlackElo "1861"]
[PlyCount "102"]
[EventDate "2015.??.??"]
[WhiteTeam "SV Mattnetz Berlin"]
[BlackTeam "SV Empor Berlin"]

1. e4 d5 2. exd5 Nf6 3. d4 Qxd5 4. Nf3 Bf5 5. Nc3 Qa5 6. Bc4 c6 7. O-O e6 8.
Bf4 Be7 9. a3 O-O 10. Bd3 Bxd3 11. Qxd3 Nbd7 12. b4 Qd8 13. Rad1 Nb6 14. Bg3
Nbd5 15. Nxd5 cxd5 16. c4 dxc4 17. Qxc4 Rc8 18. Qd3 Qd5 19. Rfe1 Nd7 20. Ne5
Bf6 21. Nxd7 Qxd7 22. d5 exd5 23. Qxd5 Qxd5 24. Rxd5 Rfd8 25. Rxd8+ Rxd8 26. h3
h6 27. Rc1 b5 28. Rc5 a6 29. a4 Be7 30. Rf5 bxa4 31. Ra5 Bxb4 32. Rxa4 a5 33.
Kf1 Rd1+ 34. Ke2 Re1+ 35. Kf3 Rc1 36. Be5 f6 37. Bd4 Rd1 38. Bb6 Rd5 39. Ke4
Re5+ 40. Kf3 Kf7 41. Kf4 g5+ 42. Kf3 h5 43. Bd4 Rd5 44. Ke4 Ke6 45. Bxf6 Rf5
46. Bd4 Rf4+ 47. Kd3 Bc5 48. g3 Rxd4+ 49. Rxd4 Bxd4 50. Kxd4 Kf5 51. f3 h4 0-1

[Event "14. Lichtenberger Sommer"]
[Site "14. Lichtenberger Sommer"]
[Date "2015.08.20"]
[Round "6.88"]
[White "Grassi, Fabrizio"]
[Black "Allaart, Jesse"]
[Result "1/2-1/2"]
[WhiteElo "1870"]
[BlackElo "1546"]
[PlyCount "95"]
[EventDate "2015.??.??"]
[WhiteTeam "SV Berlin-Friedrichstadt"]
[BlackTeam "HMC Den Bosch"]

1. d4 d5 2. Bf4 Nf6 3. e3 Bf5 4. Nf3 e6 5. c4 c6 6. Nc3 Bb4 7. Rc1 Qa5 8. Qb3
O-O 9. Be2 Bxc3+ 10. bxc3 Qb6 11. O-O Qxb3 12. axb3 Nbd7 13. Nh4 Bg6 14. Nxg6
hxg6 15. h3 Ne4 16. Rfd1 g5 17. Bh2 f5 18. f3 Nef6 19. Ra1 a6 20. b4 Nb6 21. c5
Nbd7 22. Re1 g6 23. Bd3 Kg7 24. Bd6 Rf7 25. e4 Re8 26. Ra2 fxe4 27. fxe4 dxe4
28. Bxe4 Nxe4 29. Rxe4 Nf6 30. Be5 Kg8 31. Bxf6 Rxf6 32. Rae2 Kf7 33. Re5 Rf5
34. g4 Rf3 35. R2e3 Rxe3 36. Rxe3 a5 37. bxa5 Ra8 38. Rf3+ Ke7 39. Kf2 Rxa5 40.
Ke2 Ra2+ 41. Kd3 Rb2 42. Ke4 Rc2 43. c4 Rb2 44. Re3 Rb1 45. Ke5 Rd1 46. Ke4 Rb1
47. Ke5 Rd1 48. Ke4 1/2-1/2

[Event "14. Lichtenberger Sommer"]
[Site "14. Lichtenberger Sommer"]
[Date "2015.08.20"]
[Round "6.89"]
[White "Fiedler, Ronald"]
[Black "Ziems, Michael"]
[Result "0-1"]
[WhiteElo "1692"]
[BlackElo "1821"]
[PlyCount "64"]
[EventDate "2015.??.??"]
[WhiteTeam "Läufer Reinickendorf"]
[BlackTeam "SV Empor Berlin"]

1. d4 d5 2. c4 e6 3. Nc3 Nf6 4. cxd5 exd5 5. Bf4 c6 6. e3 Bf5 7. Bd3 Bg6 8.
Nge2 Be7 9. O-O Nbd7 10. f3 Nh5 11. e4 Nxf4 12. Nxf4 Qb6 13. Nfe2 dxe4 14. Bxe4
O-O-O 15. Qb3 Bf6 16. Qxb6 Nxb6 17. Rfd1 Rhe8 18. Rac1 Bg5 19. Bxg6 hxg6 20. f4
Bf6 21. Kf2 Kb8 22. Rd3 Re7 23. b3 Red7 24. Rcd1 g5 25. Ne4 g4 26. Nxf6 gxf6
27. Kg3 f5 28. Kf2 Rh8 29. Rh1 Nd5 30. h3 Re8 31. hxg4 fxg4 32. Rh5 Rxe2+ 0-1